Ремонт турбореактивного двигателя (Запись № 8376510)

Подробности
000 -МАРКЕР
контрольное поле 01256nam1a22002531i 4500
001 - ИДЕНТИФИКАТОР ЗАПИСИ
контрольное поле rc\4932289
005 - ИДЕНТИФИКАТОР ВЕРСИИ
контрольное поле 20240724143120.0
035 ## - ДРУГИЕ СИСТЕМНЫЕ НОМЕРА
Идентификатор записи (NLR Aleph) 008846885
100 ## - ДАННЫЕ ОБЩЕЙ ОБРАБОТКИ
Данные общей обработки 20130426d1963 |||y0rusy50 ca
101 0# - ЯЗЫК РЕСУРСА
Язык текста, звукозаписи и т.д. русский
102 ## - СТРАНА ПУБЛИКАЦИИ ИЛИ ПРОИЗВОДСТВА
Страна публикации Российская Федерация
105 ## - ПОЛЕ КОДИРОВАННЫХ ДАННЫХ: ТЕКСТОВЫЕ МАТЕРИАЛЫ, МОНОГРАФИЧЕСКИЕ
Кодированные данные о монографическом текстовом документе z |||||
200 1# - ЗАГЛАВИЕ И СВЕДЕНИЯ ОБ ОТВЕТСТВЕННОСТИ
Основное заглавие Ремонт турбореактивного двигателя
Сведения, относящиеся к заглавию Кн. 3-
210 ## - ПУБЛИКАЦИЯ, РАСПРОСТРАНЕНИЕ И ДР.
Место издания, распространения и т.д. Москва
Имя издателя, распространителя и т. д. Оборонгиз
Дата издания, распространения и т.д. 1963
215 ## - ФИЗИЧЕСКАЯ ХАРАКТЕРИСТИКА
Размеры 27
300 ## - ОБЩИЕ ПРИМЕЧАНИЯ
Текст примечания Изд-во: Кн. 3, 6 - "Машиностроение"
311 ## - ПРИМЕЧАНИЯ, ОТНОСЯЩИЕСЯ К ПОЛЯМ СВЯЗИ (ПРИМЕЧАНИЯ О СВЯЗИ С ДРУГИМИ ПРОИЗВЕДЕНИЯМИ (ИЗДАНИЯМИ))
Текст примечания Прил.: Технологическое дополнение № 1/[Сост. Н.Г. Астафуров, А.П. Ильин, И.П. Базанов] [и др.]., 1964
333 ## - ПРИМЕЧАНИЯ ОБ ОСОБЕННОСТЯХ РАСПРОСТРАНЕНИЯ И ИСПОЛЬЗОВАНИЯ
Текст примечания Продаже не подлежит
421 #0 - ПРИЛОЖЕНИЕ
Встроенное поле 1010#$arus
-- 2001#$aТехнологическое дополнение № 1$f[Сост. Н.Г. Астафуров, А.П. Ильин, И.П. Базанов] [и др.]
-- 210##$d1964
-- 215##$a161 с.$cчерт.
-- 702#1$aАстафуров$bН.Г.$4220
-- 702#1$aИльин$bА.П.$4220
-- 702#1$aБазанов$bИ.П.$4220
Заглавие Технологическое дополнение № 1
801 #0 - ИСТОЧНИК ЗАПИСИ
Страна Российская Федерация
Организация NLR
Правила каталогизации psbo
801 #1 - ИСТОЧНИК ЗАПИСИ
Страна Российская Федерация
Организация ELAR
Источник данных rusmarc
852 ## - МЕСТОНАХОЖДЕНИЕ И ШИФР ХРАНЕНИЯ
Идентификатор организации NLR
Шифр хранения (Call Number) 63-7/2548
942 ## - ДОПОЛНИТЕЛЬНЫЕ ЭЛЕМЕНТЫ ЗАПИСИ (АБИС)
Тип экземпляра АБИС Книга

Нет доступных экземпляров.